Municipalities of Tokushima Prefecture - Statistics

General Stats
  • This quiz has been taken 327 times
  • The average score is 15 of 24
Answers on the Map
Answers color-coded by a green-red scale on the quiz's map according to % correct below.
 
Answer Stats
Answer % Correct
Tokushima 徳島
99%
Naruto 鳴門
88%
Miyoshi 三好
78%
Anan 阿南
75%
Mima 美馬
74%
Awa 阿波
69%
Itano 板野
69%
Higashimiyoshi 東みよし
66%
Komatsushima 小松島
64%
Katsuura 勝浦
60%
Mugi 牟岐
60%
Yoshinogawa 吉野川
60%
Aizumi 藍住
58%
Kaiyo 海陽
58%
Kamiita 上板
56%
Kamikatsu 上勝
56%
Tsurugi つるぎ
55%
Kitajima 北島
52%
Matsushige 松茂
52%
Naka 那賀
52%
Minami 美波
51%
Sanagochi 佐那河内
47%
Kamiyama 神山
43%
Ishii 石井
39%
No matching quizzes found
Score Distribution
Percent of People with Each Score
Percentile by Number Answered
Your Score History
You have not taken this quiz